Normal view MARC view
  • Authentic sources and with maps

Entry Geographic Name

Number of records used in: 1

001 - CONTROL NUMBER

  • control field: 111594

003 - CONTROL NUMBER IDENTIFIER

  • control field: NUST

005 - DATE AND TIME OF LATEST TRANSACTION

  • control field: 20230330115518.0

008 - FIXED-LENGTH DATA ELEMENTS

  • fixed length control field: 230330|| aca||aabn | a|a d

040 ## - CATALOGING SOURCE

  • Original cataloging agency: NUST
  • Transcribing agency: NUST

151 ## - HEADING--GEOGRAPHIC NAME

  • Geographic name: Authentic sources and with maps

670 ## - SOURCE DATA FOUND

  • Source citation: Work cat.: (NUST)186157: Synge, Margaret Bertha, 111593, A book of discovery :, 1925
© 2023 Central Library, National University of Sciences and Technology. All Rights Reserved.